01069nam a22002657a 4500003000500000008004100005020001800046040000800064041001300072082002600085100003600111245004300147250001900190260005900209300003600268336002700304337003300331338002900364505015700393650004700550650001300597942001700610952015900627999001700786BPGM260225m20052007mx aic|gr||||o001 0dspa d a978-970-293-1 bspa aspahspa04a784.71972bJ55 / 2007 aJIMÉNEZ, CODINACH GUADALUPE . aLA GUÍA DEL HIMNO NACIONAL MEXICANO  aPRIMERA b2005 aMEXÍCO bSECRETARÍA DE EDUCACIÓN PÚBLICAc2005 a107 páginas c24.5 cm x 15 cm 2rdacontentatextobtxt 2rdamediaasin mediaciónbn 2rdacarrieravolumen bnc aLa guía asegura que el Himno Nacional Mexicano se mantenga como un símbolo de unidad y respeto, preservando su forma original y su valor histórico 2LAS ARTES BELLAS ARTES Y ARTES DECORATIVAS 2MÚSICA 2ddccGENERAL 00102ddc40708GENERALaBPCEFCbBPCEFCcACCESO "B" PLANTA BAJAd2008-09-03eDGBl0o784.71972 J55 / 2007r2026-02-25 17:42:29tEJ.1w2026-02-25yGENERAL c68522d68522